000 00442nam a2200145 4500
001 139196
003 ES-MaACL
007 t|
008 070214s1922 fr r ||||1| fre d
100 1 _aScelle, Georges.
_9104157
245 1 3 _aLe Droit ouvrier
_b: tableau de la législation française actuelle /
_cpar Georges Scelle.
260 _aParis :
_b[s. n.],
_c1922 (
_fLahure)
300 _aVI, 210 p. ;
_c18 x 12 cm.
852 _aES-MaACL
_jB-2833
999 _c139196
_d139196